| 000 | 00639nam a22001937a 4500 | ||
|---|---|---|---|
| 999 |
_c178890 _d178890 |
||
| 005 | 20210426105858.0 | ||
| 010 | _aUR-11097 | ||
| 020 |
_c330.00 _a- |
||
| 035 | _aU-9652 | ||
| 037 | _bDBAD/PUB | ||
| 082 | _a841 | ||
| 100 | _aمو لف:يو سف بہز ا د | ||
| 245 |
_aشعو ر غم شعو ر بند گی _cمو لف:يو سف بہز ا د |
||
| 246 |
_aShaor-e-Gham Shaor-e-Bandagi (Urdu) _bby Mohd. Yousuf Behzaad |
||
| 260 |
_aNew Delhi _c2021ء _bApplied Books |
||
| 270 |
_a1739/104, Darya Ganj Patoudi House _bN Delhi _e110002 _l- |
||
| 300 |
_a280 ص _c22 Cm(Hb) |
||
| 942 |
_2ddc _cUR _h841 _mب ہ ز |
||